00401 a2200145 4500245003700000020001700037250001200054650001500066005001700081260002700098084002300125300006600148500002400214999001700238 aStress response syndromeshprint a0876688113 : a2nd ed. aliterature20191021095149.0 anjubJ. Aronsoncc1986 aRC552.P67 H67 1986 axviii, 358 p. : ill. b 24 cm.cxviii, 358 p. : ill. ; 24 cm. aMardi Jon Horowitz. c11896d11896